[Event "IECC KO email"]
[Site "IECC email"]
[Date "2001.03.28"]
[Round "?"]
[White "Boho, Andrew"]
[Black "Metcalfe, Joan"]
[Result "0-1"]
[WhiteElo "1100"]
[BlackElo "1098"]
[PlyCount "62"]
[EventDate "2001.??.??"]
[EventType "tourn (corr)"]
[EventRounds "6"]
[SourceTitle "Corr 2008"]
[Source "ChessBase"]
[SourceDate "2008.06.24"]
[SourceVersion "1"]
[SourceVersionDate "2008.06.24"]
[SourceQuality "1"]

1. e4 e5 2. Bc4 Nf6 3. d3 c6 4. Nf3 d5 5. Bb3 Bd6 6. Nc3 d4 7. Ne2 0-0 8. 0-0 Bg4 9. Ng3 a5 10. a4 Na6 11. h3 Bxf3 12. Qxf3 Nc5 13. Ba2 Kh8 14. Nf5 Nxa4 15. Qg3 Ne8 16. Bxf7 Rxf7 17. Rxa4 b5 18. Ra1 Qc7 19. Bd2 a4 20. f3 c5 21. Nxd6 Qxd6 22. f4 exf4 23. Bxf4 Qe6 24. Qg5 Rc8 25. Qe5 Qxe5 26. Bxe5 Rxf1+ 27. Kxf1 Kg8 28. Ke2 Kf7 29. c4 dxc3 30. Bxc3 Ke6 31. g4 Ra8 0-1

[Event "IECC KO email"]
[Site "IECC email"]
[Date "1999.12.02"]
[Round "?"]
[White "Copin, Jean Christophe"]
[Black "Metcalfe, Joan"]
[Result "0-1"]
[WhiteElo "1025"]
[BlackElo "1041"]
[PlyCount "58"]
[EventDate "1999.??.??"]
[EventType "tourn (corr)"]
[EventRounds "6"]
[SourceTitle "Corr 2008"]
[Source "ChessBase"]
[SourceDate "2008.06.24"]
[SourceVersion "1"]
[SourceVersionDate "2008.06.24"]
[SourceQuality "1"]

1. e4 e5 2. Nf3 Nf6 3. Bb5 c6 4. Ba4 Nxe4 5. Qe2 d5 6. Nxe5 Qg5 7. f3 Qh4+ 8. g3 Nxg3 9. Ng6+ Nxe2+ 10. Nxh4 Nxc1 11. Nc3 d4 12. Ne4 b5 13. Bxb5 Nxa2 14. Rxa2 cxb5 15. Kf2 Be7 16. Kg3 f5 17. Re1 0-0 18. Nf2 f4+ 19. Kg2 Bxh4 20. c3 Nc6 21. b4 Bb7 22. Re6 a5 23. Rb2 dxc3 24. dxc3 axb4 25. cxb4 Nd4 26. Rd6 Bxf3+ 27. Kh3 Rf5 28. Ng4 Rh5 29. Rxd4 Bg3# 0-1